Manufacturing science
Material properties play a key role in manufacturing processes. This volume therefore starts with a discussion on these properties. This is followed by a detailed analysis of the various processes, namely, casting, forming, machining, and joining.
সংরক্ষণ করুন:
| প্রধান লেখক: | |
|---|---|
| বিন্যাস: | গ্রন্থ |
| ভাষা: | Undetermined |
| প্রকাশিত: |
Chischester
Ellis Horwood Limited
1986
|
| বিষয়গুলি: | |
| ট্যাগগুলো: |
ট্যাগ যুক্ত করুন
কোনো ট্যাগ নেই, প্রথমজন হিসাবে ট্যাগ করুন!
|
| Thư viện lưu trữ: | Trung tâm Học liệu Trường Đại học Cần Thơ |
|---|
| LEADER | 00839nam a2200217Ia 4500 | ||
|---|---|---|---|
| 001 | CTU_156557 | ||
| 008 | 210402s9999 xx 000 0 und d | ||
| 082 | |a 670.42 | ||
| 082 | |b G411 | ||
| 100 | |a Ghosh, A. | ||
| 245 | 0 | |a Manufacturing science | |
| 245 | 0 | |c A. Ghosh, A.K.Mallik | |
| 260 | |a Chischester | ||
| 260 | |b Ellis Horwood Limited | ||
| 260 | |c 1986 | ||
| 520 | |a Material properties play a key role in manufacturing processes. This volume therefore starts with a discussion on these properties. This is followed by a detailed analysis of the various processes, namely, casting, forming, machining, and joining. | ||
| 526 | |a Công nghệ phục hồi chi tiết máy | ||
| 526 | |b CN420 | ||
| 650 | |a Production engineering | ||
| 904 | |i Bạch Trúc | ||
| 980 | |a Trung tâm Học liệu Trường Đại học Cần Thơ | ||